Statistiken für 8000meter Berghöhen bestimmen

Klicken Sie hier um das Quiz zu spielen!

Allgemein

  • Dieses Quiz wurde 22 mal gespielt
  • Das Durchschnittsergebnis liegt bei 5 aus 14

Antwortstatistiken

HintAntwort% Korrekt
Mount Everest8849
94%
Shishapangma8027
50%
K28611
44%
Gasherbrum 28035
39%
Annapurna8091
39%
Broadpeak8051
33%
Gasherbrum 18080
33%
Nanga Parbat8126
33%
Manaslu8163
33%
Dhaulagiri8167
28%
Cho Oyu8188
28%
Lhotse8516
28%
Kangchendzönga8586
22%
Makalu8463
11%

Verteilung der Resultate

Perzentil nach korrekt beantworteten Fragen

Anzahl Personen mit jedem Resultat

Ihre Resultats-Entwicklung

Sie haben dieses Quiz noch nicht gespielt